Normal view
MARC view
Entry Personal Name
001 - CONTROL NUMBER
- control field: 38516
003 - CONTROL NUMBER IDENTIFIER
- control field: OSt
005 - DATE AND TIME OF LATEST TRANSACTION
- control field: 20211105154434.0
008 - FIXED-LENGTH DATA ELEMENTS
- fixed length control field: 211105|| aca||aabn | a|a d
040 ## - CATALOGING SOURCE
- Original cataloging agency: OSt
- Transcribing agency: OSt
100 ## - HEADING--PERSONAL NAME
- Personal name: Liang, Rongguang
670 ## - SOURCE DATA FOUND
- Source citation: Work cat.: (OSt): Liang, Rongguang , Biomedical Optical Imaging Technologies, 2013